[Event "AUTO-OPEN-4652"]
[Site "http://www.queenalice.com/game.php?id=1873447"]
[Date "2026.5.15"]
[Round "1"]
[White "Capixabba789"]
[Black "maurice916"]
[Result "0-1"]
[WhiteElo "1850"]
[BlackElo "1832"]

1. d4 d5 2. Nc3 Nf6 3. f4 c5 4. Nf3 cxd4 5. Qxd4 Nc6 6. Qd1 g6 7. e3 Bg4 8. Be2
Bg7 9. O-O O-O 10. Kh1 e6 11. Qe1 Ne4 12. Nxe4 dxe4 13. Nd2 Bxe2 14. Qxe2 f5 15.
Nc4 Qe7 16. c3 Rad8 17. Bd2 e5 18. Rad1 exf4 19. Rxf4 Ne5 20. Nxe5 Bxe5 21. Rff1
Qc7 22. Bc1 Bxh2 23. b3 Be5 24. Bb2 a6 25. Rxd8 Rxd8 26. c4 Bxb2 27. Qxb2 Rd3
28. Re1 Qg3 29. Qe2 h6 30. c5 h5 0-1

[Event "AUTO-OPEN-4652"]
[Site "http://www.queenalice.com/game.php?id=1873448"]
[Date "2026.5.15"]
[Round "1"]
[White "maurice916"]
[Black "Capixabba789"]
[Result "0-1"]
[WhiteElo "1848"]
[BlackElo "1838"]

1. Nf3 d5 2. b3 Nc6 3. Bb2 e6 4. e3 f5 5. d4 Nf6 6. Nbd2 Be7 7. Bb5 Bd7 8. O-O
O-O 9. a4 a6 10. Bd3 Ne4 11. Ne5 Nxe5 12. dxe5 c5 13. c4 Bc6 14. Nf3 Ng5 15.
Nxg5 Bxg5 16. f4 Be7 17. cxd5 Bxd5 18. Qc2 Rc8 19. Rae1 Qc7 20. Bc4 Be4 21. Qf2
Qc6 22. Rd1 Rfd8 23. Be2 Rxd1 24. Bxd1 c4 25. bxc4 Qxc4 26. Qg3 Bd3 27. Re1 Bb4
28. h3 Bxe1 29. Qxe1 Be4 30. Bd4 Qa2 31. Bf3 Bxf3 32. gxf3 Rc2 33. Qg3 Qb1+ 0-1

[Event "AUTO-ADV-4868"]
[Site "http://www.queenalice.com/game.php?id=1873474"]
[Date "2026.5.15"]
[Round "3"]
[White "fbenevides2019"]
[Black "maurice916"]
[Result "1/2-1/2"]
[WhiteElo "1833"]
[BlackElo "1894"]

1. d4 Nf6 2. Nf3 d5 3. h3 h6 4. e3 Bf5 5. Bb5+ c6 6. Bd3 Be4 7. Bxe4 dxe4 8. Ne5
e6 9. Nc3 Nbd7 10. Nxd7 Qxd7 11. O-O Be7 12. f3 exf3 13. Rxf3 O-O 14. a3 Rad8
15. b4 Nd5 16. Nxd5 exd5 17. c3 Bf6 18. Qe1 Rfe8 19. Qg3 Kh8 20. a4 Re4 21. Qe1
Rde8 22. a5 a6 23. Qg3 Bd8 24. Bd2 Bc7 25. Qf2 f6 26. Rf1 R8e6 27. Qe1 b6 28.
axb6 Bxb6 29. Qe2 a5 30. bxa5 Bxa5 31. Ra1 Bd8 32. Ra8 Kh7 33. Qd3 Be7 34. c4
dxc4 35. Qxc4 Bd8 36. Ra1 Be7 37. Qd3 Qd5 38. Rf4 f5 39. Raf1 g6 40. Rxe4 fxe4
41. Qb1 c5 42. Qb2 Bf6 43. Bc3 cxd4 44. Bxd4 Bxd4 45. Qxd4 Qxd4 46. exd4 e3 47.
Re1 Re4 48. g4 Kg7 49. Kg2 Rxd4 50. Rxe3 g5 51. Kg3 Rf4 52. Rf3 Ra4 53. h4 gxh4+
54. Kxh4 Kg6 55. Rf5 Rc4 56. Rf3 1/2-1/2

[Event "AUTO-ADV-4868"]
[Site "http://www.queenalice.com/game.php?id=1873475"]
[Date "2026.5.15"]
[Round "3"]
[White "maurice916"]
[Black "fbenevides2019"]
[Result "0-1"]
[WhiteElo "1914"]
[BlackElo "1813"]

1. Nf3 d5 2. b3 Nf6 3. Bb2 e6 4. e3 a6 5. c4 dxc4 6. bxc4 Nc6 7. Nc3 Bb4 8. Bd3
e5 9. Be2 Bxc3 10. Bxc3 Qe7 11. O-O O-O 12. d3 h6 13. Nd2 Qa3 14. Nb3 Qe7 15. a3
b6 16. Nd2 a5 17. Bf3 Bb7 18. Qc2 Ra7 19. e4 Rd8 20. Nb3 Qd7 21. Be2 a4 22. Nd2
Nd4 23. Bxd4 Qxd4 24. Nf3 Qd6 25. Rfd1 Ng4 26. h3 Nf6 27. Ne1 c6 28. Qb2 c5 29.
Nc2 Bc8 30. Ne3 Ra6 31. Nd5 Nxd5 32. cxd5 Qg6 33. d4 Bxh3 34. Bf1 exd4 35. f3
Ra7 36. Bd3 Bd7 37. Kf2 Rb8 38. e5 Qg5 39. Re1 Qe7 40. f4 Qh4+ 41. g3 Qh2+ 42.
Kf3 Qxb2 43. Reb1 Qh2 44. Rh1 Qd2 0-1

[Event "AUTO-MASTER-3306"]
[Site "http://www.queenalice.com/game.php?id=1873736"]
[Date "2026.5.21"]
[Round "1"]
[White "Tonto"]
[Black "maurice916"]
[Result "0-1"]
[WhiteElo "2039"]
[BlackElo "1880"]

1. e4 c6 2. d4 d5 3. e5 c5 4. Nf3 Bg4 5. Be2 Nc6 6. c3 e6 7. O-O cxd4 8. Nxd4
Bxe2 9. Qxe2 Bc5 10. Be3 Qe7 11. Qb5 a6 12. Qa4 Qc7 13. Nxe6 fxe6 14. Bxc5 Ne7
15. Re1 O-O 16. Bd6 Qd7 17. Nd2 Rf7 18. Nf3 h6 19. Nd4 b5 20. Qa3 Ng6 21. Nxc6
Qxc6 22. Qb4 Nf4 23. Rad1 Qc4 24. a3 Rc8 25. Qxc4 Rxc4 26. g3 Nh3+ 27. Kg2 Nxf2
28. Rd4 Ne4 29. Rxc4 bxc4 30. Re2 Kh7 31. h4 Rd7 32. Rxe4 dxe4 33. Kf2 Kg6 34.
g4 Rb7 35. Bb4 a5 36. Bxa5 Rxb2+ 37. Ke3 Rh2 38. Kd4 Rxh4 39. Kxc4 Rxg4 40. Kd4
Kf5 41. Bb4 h5 42. a4 Rg1 43. Ke3 Kxe5 44. c4 Rb1 45. Ba3 Rb3+ 46. Kd2 Rxa3 0-1

[Event "AUTO-MASTER-3306"]
[Site "http://www.queenalice.com/game.php?id=1873737"]
[Date "2026.5.21"]
[Round "1"]
[White "maurice916"]
[Black "Tonto"]
[Result "0-1"]
[WhiteElo "1925"]
[BlackElo "2027"]

1. Nf3 d5 2. d4 Nc6 3. b3 e6 4. Bb2 Be7 5. c3 Nf6 6. e3 O-O 7. Bd3 Ne4 8. O-O
Bd6 9. c4 Qf6 10. Nc3 Qh6 11. Nxe4 dxe4 12. Bxe4 Ne7 13. d5 exd5 14. cxd5 Ng6
15. g3 Bg4 16. Qd3 Qh5 17. Nd2 Be2 18. Bxg6 hxg6 19. Qd4 f6 20. Rfe1 Be5 21. Qe4
Bxb2 22. Rab1 Bc3 23. Qc2 Bxd2 24. Qxd2 Bf3 25. Qd3 Qh3 26. Qf1 Qf5 27. Rbc1
Qxd5 28. Rxc7 Rfc8 29. Rec1 Rxc7 30. Rxc7 Qa5 31. Rc2 Rd8 32. Qc4+ Rd5 33. Rc1
b5 34. Qc8+ Kh7 35. Qh3+ Rh5 36. Qd7 Qxa2 37. Qe6 Rxh2 38. Kxh2 Qxf2+ 39. Kh3
Qg2+ 40. Kh4 g5# 0-1

[Event "AUTO-MASTER-3306"]
[Site "http://www.queenalice.com/game.php?id=1873751"]
[Date "2026.5.21"]
[Round "1"]
[White "rviana"]
[Black "maurice916"]
[Result "0-1"]
[WhiteElo "2089"]
[BlackElo "1901"]

1. d4 Nf6 2. c4 c6 3. Nc3 d5 4. Nf3 dxc4 5. e4 b5 6. d5 cxd5 7. Nxd5 Nxe4 8. Be2
Bb7 9. Nc3 Qxd1+ 10. Bxd1 Nxc3 11. bxc3 e6 12. O-O Bc5 13. a4 a6 14. axb5 axb5
15. Rxa8 Bxa8 16. Bc2 O-O 17. Rd1 Bxf3 18. gxf3 Nc6 19. Rd7 Rc8 20. Be3 Bxe3 21.
fxe3 Ne5 22. Rb7 Nxf3+ 23. Kg2 Ne1+ 0-1

[Event "AUTO-ADV-4931"]
[Site "http://www.queenalice.com/game.php?id=1873825"]
[Date "2026.5.22"]
[Round "2"]
[White "rviana"]
[Black "maurice916"]
[Result "0-1"]
[WhiteElo "2100"]
[BlackElo "1845"]

1. d4 Nf6 2. Nf3 c6 3. c4 d5 4. e3 Bg4 5. Be2 e6 6. O-O Be7 7. Nc3 dxc4 8. Bxc4
O-O 9. Bd2 Nbd7 10. h3 Bh5 11. Be2 Rc8 12. Rc1 Nb6 13. Ne5 Bxe2 14. Qxe2 Nbd5
15. a3 b6 16. Qa6 Qc7 17. Nb5 Qb8 18. Nxa7 Rc7 19. Nexc6 Qe8 20. Qxb6 Nxb6 0-1